| 000 | 00644nam a22002297a 4500 | ||
|---|---|---|---|
| 005 | 20241220135334.0 | ||
| 008 | 241220b2022 ge ||||| |||| 00| 0 eng d | ||
| 020 | _a9788131262115 | ||
| 040 |
_aDLC _cDLC |
||
| 041 | _aeng | ||
| 080 |
_a616 _bK-91 |
||
| 100 |
_9223 _aKumar,Vinary |
||
| 245 |
_aRobbins and Cotran pathologic basis of disease _b2 V _cAbul K. Abbas, MBBs, Jon C. Aster, MD, PHD, Jerold R, Turner, MD, PHD |
||
| 250 | _a10th edition | ||
| 260 |
_aChicago _belsevier _c2022 |
||
| 300 |
_a1356 p. _bill |
||
| 490 | _vvolume 2 | ||
| 650 | _2pathologia | ||
| 653 | _apathologia | ||
| 700 |
_98 _aAbbas, K. Abul |
||
| 942 |
_2ddc _cBK |
||
| 999 |
_c2256 _d2256 |
||